World's Biggest Financial Centers with Exceptions - Statistics

General Stats
  • This quiz has been taken 75 times
  • The average score is 14 of 20
Answer Stats
Rating City % Correct
794 New York City
100%
795 London
98%
672 Paris
95%
718 Chicago
89%
685 Los Angeles
88%
719 Boston
86%
695 Frankfurt
86%
720 San Francisco
86%
712 Sydney
78%
710 Toronto
78%
716 Zurich
75%
713 Washington, D.C.
74%
687 Melbourne
68%
704 Montreal
65%
689 Geneva
62%
694 Vancouver
62%
680 Munich
49%
663 Dublin
31%
711 Luxembourg
29%
671 Casablanca
2%
No matching quizzes found
Score Distribution
Percent of People with Each Score
Percentile by Number Answered
Your Score History
You have not taken this quiz